000 00390nam a2200181Ia 4500
001 998
005 20260306140559.0
008 260306t2012||||xx |||||||||||||| ||spa||
041 _aESP
082 _a177.7
_bF85
100 _aFromm, Erich, 1900-1980
_eAUT
245 0 _aEl arte de amar
260 _c2012
300 _a
_c
650 _aGEN
654 _aCHU
942 _cLIB
_dJUS
_fJUS
_2ddc
_n
999 _c998
_d998